| 000 | 00885nam a22002535a 4500 | ||
|---|---|---|---|
| 005 | 20201128021321.0 | ||
| 008 | 150621t2014 enka fr 001 0 eng d | ||
| 020 | _a9781292027128 | ||
| 040 |
_aEG-ScBUE _beng _cEG-ScBUE |
||
| 082 | 0 | 4 |
_222 _a690.068 _bHEG |
| 100 | 1 |
_aHegazy, Tarek. _938216 |
|
| 245 | 1 | 0 |
_aComputer-Based Construction : _bProject Management / _cTarek Hegazy. |
| 250 | _a1st ed., Pearson new international ed. | ||
| 260 |
_aHarlow : _bPearson Education Limited, _cc.2014. |
||
| 300 |
_aii, 349 p. : _bill. ; _c29 cm. |
||
| 500 | _aIndex : p. 345-349. | ||
| 650 | 0 |
_aConstruction industry _xData processing _2BUEsh |
|
| 650 | 7 |
_aConstruction industry _xmanagement. _2BUEsh _91204 |
|
| 650 | 7 |
_aProject management. _911664 _2BUEsh |
|
| 651 | _2BUEsh | ||
| 653 |
_bCOMSCI _bENGGEN _cJune2015 _cJuly2015 |
||
| 655 |
_vreading book _934232 |
||
| 942 |
_2ddc _k690.068 HEG |
||
| 999 |
_c19781 _d19753 |
||